| 000 | 00439cam a2200181ua 4500 | ||
|---|---|---|---|
| 020 | _c9.40 | ||
| 041 |
_aeng _h |
||
| 082 |
_a604.2 _bFOR/EX |
||
| 100 | _aForbes, Raymonds . | ||
| 245 |
_aExamples in Technical Drawing / _cRaymonds Forbes. _hTextual Documents |
||
| 250 |
_a1 / _b. |
||
| 260 |
_aLondon : _bB.T.Batsford Ltd , _c1958. |
||
| 300 | _a96 ; . | ||
| 365 | _a9.40 | ||
| 504 | _a | ||
| 942 | _cBK | ||
| 999 |
_c1436 _d1436 |
||